| 000 | 01302nac a22003617a 4500 | ||
|---|---|---|---|
| 001 | BR8200733 | ||
| 003 | BR-BrBNA | ||
| 005 | 20240105115230.0 | ||
| 008 | 230509b bl.|||m| |||| 00| 0 por d | ||
| 040 |
_aBR-BrBNA _bpor _cBiblioteca Nacional de Agricultura |
||
| 072 | _aF00; H00 | ||
| 090 | _a0336 BR8200733 | ||
| 100 | 1 | _aHenning, A.A. | |
| 100 | 1 | _aFranca Neto, J. de B. | |
| 100 | 1 | _aCosta, N.P. da | |
| 110 | 1 |
_aCentro Nacional de Pesquisa de Soja, Londrina, PR (Brasil) _91793 |
|
| 245 | 1 | _aRecomendacao do tratamento quimico de sementes de soja Glycine max (L.)Merrill [Fungicida; Controle quimico; Desinfeccao; Armazenamento; Brasil] | |
| 246 | 1 | _a[Chemical treatment recommendation of soybean seeds glycine max (L.)Merrill [Fungicide; Chemical control; Disinfection; Storing; Brazil]] | |
| 260 | 3 |
_aLondrina, PR (Brasil): _c1981. |
|
| 300 | _a9 p. | ||
| 490 |
_aComunicado Tecnico - Centro Nacional de Pesquisa de Soja (Brazil) _vno. 12 _xISSN 0100-6606 |
||
| 500 | _a7 ref. | ||
| 650 | _aProducao vegetal | ||
| 650 | _aDefesa vegetal | ||
| 650 | _aSoja | ||
| 650 | _aSemente | ||
| 650 | _aFungicida | ||
| 650 | _aDesinfeccao | ||
| 650 | _aArmazenamento | ||
| 650 | _aControle quimico | ||
| 909 |
_a202312 _bLúcia Elande _c55 _dLúcia Elande |
||
| 942 |
_2AGRIS _n0 _cMS |
||
| 999 |
_c273782 _d273782 |
||